000 01106nam a2200289Ia 4500
003 OSt
005 20221005110628.0
006 a|||||r|||| 00| 0
007 ta
008 221004b |||||||| |||| 00| 0 hin d
020 _a9789326354462 (hbk)
_cINR 850.00
024 _a37583
037 _bBW/1692, 15/03/2018, Bookwell
_cTextual
040 _aCRL
_cCRL
_bhin
041 _2hin
_ahin
082 _aO152,3NNI,VV, Q5
100 _aनिर्मल कुमार, ले.
245 0 _aव्यास विष्णु रूपाय
246 _aVyās viṣhṇu rūpāya
260 _aनई दिल्ली
_bभारतीय ज्ञानपीठ भारत
_c2015
300 _a557पृ0
_ccm.
490 _aलोकोदय ग्रन्थमाला; ग्रन्थांक 1214
650 _a हिन्दी साहित्य
650 _aहिन्दी कहानी
942 _hO152,3NNI,VV, Q5
_cTEXL
_2cc
999 _c1019393
_d1019393